دراست حصر وتقييم مصادر الاعلاف في الدول العربية: ١ الجمهورية العربية السورية؛ ٢ الجمهورية العراقية؛ ٦ دولة قطر؛ ٩ جمهورية الصومال الديمقراطية (Record no. 245)

MARC details
000 -LEADER
fixed length control field 02067cam a2200565 4500
001 - CONTROL NUMBER
control field 232652
003 - CONTROL NUMBER IDENTIFIER
control field ItRFAO
008 - FIXED-LENGTH DATA ELEMENTS--GENERAL INFORMATION
fixed length control field 930101t1981 xxu||||| ||| 00| 0 d
040 ## - CATALOGING SOURCE
Original cataloging agency ItRFAO
Modifying agency ItRFAO
041 0# - LANGUAGE CODE
Language code of text/sound track or separate title ara
084 ## - OTHER CLASSIFICATION NUMBER
Classification number 636 F221
-- 128336
100 ## - MAIN ENTRY--PERSONAL NAME
Personal name Farid, M.F.A.
9 (RLIN) 1252
242 00 - TRANSLATION OF TITLE BY CATALOGING AGENCY
Title Evaluation of present status and potential development of animal feed resources in the Arab countries. 1: Syrian Arab Republic.- (2: Iraq).- 6: Qatar.- 9: Somalia
245 00 - TITLE STATEMENT
Title دراست حصر وتقييم مصادر الاعلاف في الدول العربية: ١ الجمهورية العربية السورية؛ ٢ الجمهورية العراقية؛ ٦ دولة قطر؛ ٩ جمهورية الصومال الديمقراطية
260 ## - PUBLICATION, DISTRIBUTION, ETC.
Place of publication, distribution, etc. Damascus (Syria)
Name of publisher, distributor, etc. Arab Centre for the Studies of Arid Zones and Dry Lands
Date of publication, distribution, etc. 1981
300 ## - PHYSICAL DESCRIPTION
Extent 4 v.
336 ## - CONTENT TYPE
Source ItRFAO
338 ## - CARRIER TYPE
Source ItRFAO
Carrier type term Books
546 ## - LANGUAGE NOTE
Language note Arabic
520 ## - SUMMARY, ETC.
Summary, etc. Summaries (En)
650 17 - SUBJECT ADDED ENTRY--TOPICAL TERM
Source of heading or term agrovoc
Topical term or geographic name entry element FEED INDUSTRY
9 (RLIN) 1255
650 27 - SUBJECT ADDED ENTRY--TOPICAL TERM
Source of heading or term agrovoc
Topical term or geographic name entry element FEEDS
9 (RLIN) 1256
650 27 - SUBJECT ADDED ENTRY--TOPICAL TERM
Source of heading or term agrovoc
Topical term or geographic name entry element FEED CROPS
9 (RLIN) 1257
650 17 - SUBJECT ADDED ENTRY--TOPICAL TERM
Source of heading or term agrovocf
Topical term or geographic name entry element INDUSTRIE DE L'ALIMENTATION ANIMALE
650 17 - SUBJECT ADDED ENTRY--TOPICAL TERM
Source of heading or term agrovocs
Topical term or geographic name entry element INDUSTRIA DE PIENSOS
9 (RLIN) 1259
650 27 - SUBJECT ADDED ENTRY--TOPICAL TERM
Source of heading or term agrovocf
Topical term or geographic name entry element ALIMENT POUR ANIMAUX
9 (RLIN) 1260
650 27 - SUBJECT ADDED ENTRY--TOPICAL TERM
Source of heading or term agrovocf
Topical term or geographic name entry element PLANTE FOURRAGERE
9 (RLIN) 1261
650 27 - SUBJECT ADDED ENTRY--TOPICAL TERM
Source of heading or term agrovocs
Topical term or geographic name entry element PIENSOS
650 27 - SUBJECT ADDED ENTRY--TOPICAL TERM
Source of heading or term agrovocs
Topical term or geographic name entry element PLANTAS FORRAJERAS
9 (RLIN) 1263
651 #7 - SUBJECT ADDED ENTRY--GEOGRAPHIC NAME
Source of heading or term agrovoc
Geographic name ARAB COUNTRIES
9 (RLIN) 1264
651 #7 - SUBJECT ADDED ENTRY--GEOGRAPHIC NAME
Source of heading or term agrovoc
Geographic name SYRIA
9 (RLIN) 1265
651 #7 - SUBJECT ADDED ENTRY--GEOGRAPHIC NAME
Source of heading or term agrovoc
Geographic name IRAQ
9 (RLIN) 1266
651 #7 - SUBJECT ADDED ENTRY--GEOGRAPHIC NAME
Source of heading or term agrovoc
Geographic name QATAR
651 #7 - SUBJECT ADDED ENTRY--GEOGRAPHIC NAME
Source of heading or term agrovoc
Geographic name SOMALIA
651 #7 - SUBJECT ADDED ENTRY--GEOGRAPHIC NAME
Source of heading or term agrovocf
Geographic name PAYS ARABES
9 (RLIN) 1269
651 #7 - SUBJECT ADDED ENTRY--GEOGRAPHIC NAME
Source of heading or term agrovocf
Geographic name SYRIE
9 (RLIN) 1270
651 #7 - SUBJECT ADDED ENTRY--GEOGRAPHIC NAME
Source of heading or term agrovocf
Geographic name IRAK
651 #7 - SUBJECT ADDED ENTRY--GEOGRAPHIC NAME
Source of heading or term agrovocf
Geographic name QATAR
651 #7 - SUBJECT ADDED ENTRY--GEOGRAPHIC NAME
Source of heading or term agrovocf
Geographic name SOMALIE
9 (RLIN) 1273
651 #7 - SUBJECT ADDED ENTRY--GEOGRAPHIC NAME
Source of heading or term agrovocs
Geographic name PAISES ARABES
9 (RLIN) 1274
651 #7 - SUBJECT ADDED ENTRY--GEOGRAPHIC NAME
Source of heading or term agrovocs
Geographic name SIRIA
9 (RLIN) 1275
651 #7 - SUBJECT ADDED ENTRY--GEOGRAPHIC NAME
Source of heading or term agrovocs
Geographic name IRAK
651 #7 - SUBJECT ADDED ENTRY--GEOGRAPHIC NAME
Source of heading or term agrovocs
Geographic name QATAR
651 #7 - SUBJECT ADDED ENTRY--GEOGRAPHIC NAME
Source of heading or term agrovocs
Geographic name SOMALIA
700 ## - ADDED ENTRY--PERSONAL NAME
Personal name Wardeh, M.F.
9 (RLIN) 1253
700 ## - ADDED ENTRY--PERSONAL NAME
Personal name Tleimat, F.M.
9 (RLIN) 1254
919 ## -
-- Library material
942 ## - ADDED ENTRY ELEMENTS (KOHA)
Suppress in OPAC No
Koha item type Mixed Materials
Holdings
Withdrawn status Lost status Damaged status Not for loan Collection Home library Current library Shelving location Date acquired Barcode Date last seen Price effective from Koha item type
        Reference Centerville Centerville General stacks 09/04/2014 39999000010671 09/04/2014 09/04/2014 Books
        Reference Fairview Fairview General stacks 09/04/2014 39999000010695 09/04/2014 09/04/2014 Books
        Reference Midway Midway General stacks 09/04/2014 39999000010633 09/04/2014 09/04/2014 Books
        Reference Midway Midway General stacks 09/04/2014 39999000010657 09/04/2014 09/04/2014 Books